000 01088nam a2200253Ia 4500
001 9960
003 GE_BSU
008 181216s||||||||xx |||||||||||||| ||und||
020 _a9992879955
040 _cGE_BSU
080 _a821.353.1.09
100 _aნიკოლეიშვილი,ავთანდილ
245 _aქართული ემიგრანტული მწერლობა
245 _bლექციების კურსი
245 _cრედ. ომარ გვეტაძე.ნესტან კუტივაძე
260 _aქუთაისი
260 _bქსუ
260 _c2006
300 _a600გვ.20სმ.
520 _aგარეკანზე: საფრანგეთი,ლევილის ქართვ.მამული. წიგნს ახლავს ავტ. მინაწ.რეზიუმე ინგლ.და რუს ენაზე
541 _h15ლ.
653 _aქართული ემიგრანტული მწერლობა
942 _cBK
999 _c43233
_d43233